Jazba-E-Mohabbat: (Record no. 166735)

MARC details
000 -LEADER
fixed length control field 00643nam a22002057a 4500
005 - DATE AND TIME OF LATEST TRANSACTION
control field 20190807111311.0
010 ## - LCCN (DPL NO)
LC control number ENG-126138
020 ## - INTERNATIONAL STANDARD BOOK NUMBER
Terms of availability 150.00
International Standard Book Number 978-93-86125-14-9
035 ## - SYSTEM CONTROL NUMBER
System control number EN-109670
037 ## - SOURCE OF ACQUISITION
Source of stock number/acquisition DBAD/PUB
082 ## - DEWEY DECIMAL CLASSIFICATION NUMBER
Classification number 881
100 ## - MAIN ENTRY--PERSONAL NAME
Personal name Elahi,Raza
245 ## - TITLE STATEMENT
Title Jazba-E-Mohabbat:
Statement of responsibility, etc byVivek Chadha
Remainder of title Romance, Love &Poetry
260 ## - PUBLICATION, DISTRIBUTION, ETC. (IMPRINT)
Name of publisher, distributor, etc M.R.Publications
Place of publication, distribution, etc New Delhi
Date of publication, distribution, etc 2019
270 ## - ADDRESS
City New Delhi
Address 2724-25,First Floor Kuch Chelan, Daryaganj,
Postal code 110002
Electronic mail address abdus26@hotmail.com
Telephone number 09810784549
300 ## - PHYSICAL DESCRIPTION
Extent 80p.
Dimensions 22cm(hb)
500 ## - GENERAL NOTE
General note it includes bibliography
700 ## - ADDED ENTRY--PERSONAL NAME
Personal name Raza Elahi
942 ## - ADDED ENTRY ELEMENTS (KOHA)
Source of classification or shelving scheme Dewey Decimal Classification
Item type English Books
Classification part 881
Call number suffix ELA
Holdings
Withdrawn status Lost status Not for loan Collection code Home library Current library Date acquired Source of acquisition Cost, normal purchase price Full call number Barcode Copy number Cost, replacement price Koha item type
    Not For Loan Non-fiction D.B.Act.Division Mobile Library 07/08/2019 DBAD/PUB 150.00 881 ELA EN-109670 1 150.00 English Books

© Delhi Public Library
Hit Counter
free hit counter